NFL Kansas City Chiefs 2022-2023 Active Roster - Statistics

General Stats
  • This quiz has been taken 1,294 times
    1,174 since last reset
  • The average score is 26 of 58
Answer Stats
Hint Answer % Correct
QB Patrick Mahomes
100%
TE Travis Kelce
92%
RB Isiah Pacheco
83%
WR JuJu Smith-Schuster
83%
DT Chris Jones
82%
RB Ronald Jones
77%
QB Chad Henne
75%
G Trey Smith
75%
K Harrison Butker
74%
RB Clyde Edwards-Helaire
72%
RB Jerick McKinnon
68%
WR Kadarius Toney
68%
C Creed Humphrey
67%
WR Marquez Valdes-Scantling
64%
CB L'Jarius Sneed
62%
WR Mecole Hardman
62%
TE Noah Gray
62%
LB Nick Bolton
61%
WR Skyy Moore
61%
T Orlando Brown Jr.
59%
CB Trent McDuffie
57%
LB Willie Gay
56%
WR Justin Watson
55%
P Tommy Townsend
55%
CB Jaylen Watson
53%
SS Justin Reid
53%
G Joe Thuney
50%
DE Frank Clark
49%
DE George Karlaftis
49%
TE Blake Bell
48%
CB Joshua Williams
46%
FS Juan Thornhill
38%
TE Jody Fortson
36%
FB Michael Burton
36%
T Andrew Wylie
34%
DT Derrick Nnadi
34%
SS Bryan Cook
33%
LB Leo Chenal
33%
QB Shane Buechele
30%
CB Nazeeh Johnson
29%
DE Mike Danna
28%
LS James Winchester
27%
WR Justyn Ross
27%
G Nick Allegretti
26%
DT Khalen Saunders
25%
LB Carlos Dunlap
24%
LB Darius Harris
23%
T Lucas Niang
20%
FS Deon Bush
18%
DT Tershawn Wharton
18%
T Darian Kinnard
14%
LB Jack Cochrane
13%
DE Malik Herring
12%
T Prince Tega Wanogho
12%
DE Joshua Kaindoh
11%
T Geron Christian
9%
CB Chris Lammons
8%
LB Elijah Lee
8%
No matching quizzes found
Score Distribution
Percent of People with Each Score
Percentile by Number Answered
Your Score History
You have not taken this quiz since the last reset